Devin Booker Quiz - Statistics

General Stats
  • This quiz has been taken 1,244 times
  • The average score is 10 of 15
Answer Stats
Question Answer % Correct
What team is Devin Booker in? Phoenix Suns
96%
What college did Devin Booker play in? Kentucky
92%
Is Devin Booker the best? yes yes yes yes yes yes yes yes!
89%
What draft pick was Devin Booker? 13th pick round one - Selected to the Phoenix Suns
79%
Who is Devin Booker's father? Melvin Booker
78%
How many points did Devin Booker score on his highest point game? 70
77%
What is Devin Booker's middle name? Armani
75%
Did Devin Booker's Dad play in the NBA? Yes!
71%
Where was Devin Booker born? Michigan
66%
When was Devin Booker born? October 30th 1996
60%
Who are Devin Booker's siblings? Mya & Davon
57%
What does Devin booker play on? Playstation
54%
How tall is Devin Booker? 6'6
42%
How old was Devin Booker when he got drafted? 18
36%
How many three pointers in total did Devin Booker make in the 2016 Foot Locker three point contest? 36
30%
No matching quizzes found
Score Distribution
Percent of People with Each Score
Percentile by Number Answered
Your Score History
You have not taken this quiz